ARRUPE JESUIT UNIVERSITY

CORONAVIRUS -STOP THE SPREAD - CLEAN,DISINFECT,COVER

British poetry since 1945; (Record no. 118212)

MARC details
000 -LEADER
fixed length control field 00743nam a2200253 4500
001 - CONTROL NUMBER
control field 771109
003 - CONTROL NUMBER IDENTIFIER
control field ARRUPE
005 - DATE AND TIME OF LATEST TRANSACTION
control field 20131001170036.0
008 - FIXED-LENGTH DATA ELEMENTS--GENERAL INFORMATION
fixed length control field 711004s1970 enk 001 0 eng
010 ## - LIBRARY OF CONGRESS CONTROL NUMBER
LC control number 72028715
015 ## - NATIONAL BIBLIOGRAPHY NUMBER
National bibliography number B70-24206
020 ## - INTERNATIONAL STANDARD BOOK NUMBER
International Standard Book Number 014042122X
040 ## - CATALOGING SOURCE
Original cataloging agency DLC
Transcribing agency DLC
Modifying agency DLC
050 00 - LIBRARY OF CONGRESS CALL NUMBER
Classification number PR1225
Item number .L78
300 ## - PHYSICAL DESCRIPTION
Dimensions 19 cm.
100 2# - MAIN ENTRY--PERSONAL NAME
Personal name Lucie-Smith, Edward,
Relator term comp.
9 (RLIN) 1963
245 10 - TITLE STATEMENT
Title British poetry since 1945;
Statement of responsibility, etc edited with an introduction by Edward Lucie-Smith.
260 ## - PUBLICATION, DISTRIBUTION, ETC. (IMPRINT)
Place of publication, distribution, etc Harmondsworth,
Name of publisher, distributor, etc Penguin,
Date of publication, distribution, etc 1970.
300 ## - PHYSICAL DESCRIPTION
Extent 412 p.
350 ## - PRICE (NR) (BK AM CF MU VM SE) [OBSOLETE]
Price 10/-
490 0# - SERIES STATEMENT
Series statement The Penguin poets, D122
650 #0 - SUBJECT ADDED ENTRY--TOPICAL TERM
Topical term or geographic name as entry element English poetry
Chronological subdivision 20th century.
9 (RLIN) 1964
906 ## - LOCAL DATA ELEMENT F, LDF (RLIN)
a 7
b cbc
c orignew
d 2
e ocip
f 19
g y-gencatlg
942 ## - ADDED ENTRY ELEMENTS (KOHA)
Source of classification or shelving scheme Library of Congress Classification
Koha item type Monograph ( Printed materials)
Holdings
Withdrawn status Lost status Source of classification or shelving scheme Damaged status Not for loan Collection code Home library Current library Shelving location Date acquired Total Checkouts Full call number Barcode Date last seen Price effective from Koha item type
    Library of Congress Classification     Main Collection ARRUPE LIBRARY ARRUPE LIBRARY Main Collection 01/10/2013   PR1225 .L78 46410802 01/10/2013 01/10/2013 Monograph ( Printed materials)

 

Arrupe Library. PO Box MP320 Mt Pleasant, Harare, Zimbabwe
263 242 745411|librarian@aju.ac.zw